[Event "FLORIPA CHESS MASTERS 2015 - Norma de GM - ID CBX "]
[Site "FlorianÃ³polis/SC"]
[Date "2015.01.24"]
[Round "8"]
[Board "1"]
[White "Paveto, Kevin"]
[Black "Feliciano Ebert, Vanessa"]
[Result "1/2-1/2"]
[WhiteElo "2437"]
[BlackElo "2290"]
[PlyCount "51"]
[EventDate "2015.01.19"]
[EventRounds "9"]
[EventCountry "BRA"]

1. e4 c5 2. Nf3 Nc6 3. d4 cxd4 4. Nxd4 Nf6 5. Nc3 e5 6. Ndb5 d6 7. Bg5 a6 8.
Na3 b5 9. Nd5 Be7 10. Bxf6 Bxf6 11. c4 b4 12. Nc2 a5 13. g3 Bg5 14. Bg2 O-O 15.
O-O Ne7 16. Nde3 Bxe3 17. Nxe3 Be6 18. Qd2 Qd7 19. Rfd1 Rfd8 20. b3 Nc6 21. Nc2
Qa7 22. a3 bxa3 23. Rxa3 Qc5 24. Rda1 Rab8 25. Qc3 h6 26. h3 1/2-1/2

[Event "FLORIPA CHESS MASTERS 2015 - Norma de GM - ID CBX "]
[Site "FlorianÃ³polis/SC"]
[Date "2015.01.24"]
[Round "8"]
[Board "3"]
[White "Stamenkovic, Dragan"]
[Black "Disconzi Da Silva, Rodrigo"]
[Result "1/2-1/2"]
[WhiteElo "2409"]
[BlackElo "2362"]
[PlyCount "128"]
[EventDate "2015.01.19"]
[EventRounds "9"]
[EventCountry "BRA"]

1. d4 e6 2. c4 b6 3. Nc3 Bb4 4. Bd2 Bb7 5. a3 Bxc3 6. Bxc3 Nf6 7. Nf3 O-O 8. e3
d6 9. Bd3 Ne4 10. Qc2 f5 11. b3 Nxc3 12. Qxc3 Nd7 13. O-O-O Qf6 14. Kb2 Qg6 15.
Ne1 e5 16. Bb1 Rae8 17. Rg1 Qh5 18. Nf3 Bxf3 19. gxf3 Qxf3 20. Qc2 Qh5 21. Qd2
g6 22. Bd3 Qh4 23. Bc2 Re7 24. b4 Kh8 25. Ba4 Nf6 26. f3 Nh5 27. d5 Qxc4 28.
Rc1 Qh4 29. Bb5 Nf6 30. Rc2 e4 31. f4 Ng4 32. Bf1 a5 33. h3 Nf6 34. bxa5 bxa5
35. Qxa5 Rb8+ 36. Ka2 Nd7 37. Qxc7 Qe1 38. Qc3+ Qxc3 39. Rxc3 Nc5 40. Bc4 Reb7
41. Rc2 Kg7 42. Rd1 Kh6 43. Rdd2 Na4 44. Rg2 Rb1 45. Rge2 Kh5 46. Ba6 Rd1 47.
Rc7 h6 48. Rec2 Rxd5 49. Bc4 Rc5 50. Bb3 Rxc7 51. Rxc7 Nc5 52. Bf7 Rb6 53. Rc8
Rb7 54. Bd5 Rb6 55. Bf7 Rb7 56. Be8 Nd3 57. Rd8 Rb6 58. a4 Nc1+ 59. Ka1 Ne2 60.
a5 Rb3 61. Ka2 Nc1+ 62. Ka1 Ne2 63. Ka2 Nc1+ 64. Ka1 Ne2 1/2-1/2

[Event "FLORIPA CHESS MASTERS 2015 - Norma de GM - ID CBX "]
[Site "FlorianÃ³polis/SC"]
[Date "2015.01.24"]
[Round "8"]
[Board "4"]
[White "Rodriguez Vila, Andres"]
[Black "Molina, Roberto Junio Brito"]
[Result "1-0"]
[WhiteElo "2444"]
[BlackElo "2408"]
[PlyCount "55"]
[EventDate "2015.01.19"]
[EventRounds "9"]
[EventCountry "BRA"]

1. e4 c5 2. Nf3 e6 3. Qe2 Nc6 4. c3 Nf6 5. g3 d5 6. e5 Nd7 7. d4 Qb6 8. Be3 Be7
9. Qc2 O-O 10. a3 a5 11. Bd3 f5 12. h4 Rd8 13. g4 Nf8 14. Rg1 cxd4 15. Nxd4
Nxd4 16. Bxd4 Bc5 17. Bxc5 Qxc5 18. gxf5 exf5 19. Nd2 d4 20. c4 Qxe5+ 21. Kf1
Qf4 22. h5 Ra6 23. c5 Rh6 24. Re1 Rxh5 25. Qb3+ Kh8 26. Qf7 Rg5 27. Rxg5 Qxg5
28. Re8 1-0

[Event "FLORIPA CHESS MASTERS 2015 - Norma de GM - ID CBX "]
[Site "FlorianÃ³polis/SC"]
[Date "2015.01.24"]
[Round "9"]
[Board "2"]
[White "Molina, Roberto Junio Brito"]
[Black "Quintiliano Pinto, Renato R."]
[Result "1/2-1/2"]
[WhiteElo "2408"]
[BlackElo "2364"]
[PlyCount "20"]
[EventDate "2015.01.19"]
[EventRounds "9"]
[EventCountry "BRA"]

1. c4 e6 2. Nf3 d5 3. e3 Nf6 4. Nc3 c6 5. Be2 Nbd7 6. d4 Bd6 7. Qc2 O-O 8. O-O
dxc4 9. Bxc4 b5 10. Be2 Bb7 1/2-1/2

[Event "FLORIPA CHESS MASTERS 2015 - Norma de GM - ID CBX "]
[Site "FlorianÃ³polis/SC"]
[Date "2015.01.24"]
[Round "9"]
[Board "3"]
[White "Disconzi Da Silva, Rodrigo"]
[Black "Rodriguez Vila, Andres"]
[Result "1/2-1/2"]
[WhiteElo "2362"]
[BlackElo "2444"]
[PlyCount "21"]
[EventDate "2015.01.19"]
[EventRounds "9"]
[EventCountry "BRA"]

1. Nf3 Nf6 2. g3 g6 3. Bg2 Bg7 4. O-O O-O 5. c4 c5 6. d4 d6 7. a3 Na6 8. Re1
cxd4 9. Nxd4 Nc5 10. b3 a6 11. Bb2 1/2-1/2

[Event "FLORIPA CHESS MASTERS 2015 - Norma de GM - ID CBX "]
[Site "FlorianÃ³polis/SC"]
[Date "2015.01.24"]
[Round "9"]
[Board "5"]
[White "Feliciano Ebert, Vanessa"]
[Black "Barbosa, Evandro Amorim"]
[Result "0-1"]
[WhiteElo "2290"]
[BlackElo "2449"]
[PlyCount "180"]
[EventDate "2015.01.19"]
[EventRounds "9"]
[EventCountry "BRA"]

1. e4 e6 2. d4 d5 3. Nc3 Nf6 4. e5 Nfd7 5. f4 c5 6. Nf3 Nc6 7. Be3 Be7 8. Qd2
O-O 9. dxc5 Bxc5 10. O-O-O Qa5 11. a3 Be7 12. h4 Rb8 13. Bd3 f5 14. g4 b5 15.
gxf5 b4 16. f6 Nxf6 17. exf6 Bxf6 18. Nb1 Bd7 19. Rdf1 Rfc8 20. Ne5 Nxe5 21.
fxe5 Bxe5 22. Rhg1 Qa4 23. Bc5 Bb5 24. Bxb4 Bxd3 25. Qxd3 a5 26. Bc3 d4 27. Bd2
Rb3 28. Qe4 Qb5 29. a4 Qc5 30. Na3 d3 31. c3 Rxa3 32. bxa3 Qxa3+ 33. Kd1 Qa1+
34. Bc1 Qxc3 35. Qe3 Qc2+ 36. Ke1 Bc3+ 37. Bd2 Qc1+ 38. Kf2 Qxd2+ 39. Qxd2 Bxd2
40. Rg3 Bc3 41. Rxd3 Bf6 42. h5 Rc4 43. h6 Rxa4 44. Ke2 Ra2+ 45. Kf3 Rh2 46.
Rd7 Rh3+ 47. Ke2 Rxh6 48. Ra7 Rh5 49. Rb1 h6 50. Ra6 Re5+ 51. Kf3 Kf7 52. Rg1
Bg5 53. Ra1 Bd2 54. Rd1 Bc3 55. Rd3 Rf5+ 56. Ke4 Re5+ 57. Kf4 g5+ 58. Kg4 Re4+
59. Kg3 Be5+ 60. Kf3 Rf4+ 61. Kg2 a4 62. Rh3 Bg7 63. Re3 e5 64. Rc3 Bf6 65. Rc5
h5 66. Rc7+ Kg6 67. Rc5 Rf5 68. Rxa4 g4 69. Rc8 Rf4 70. Ra7 h4 71. Ra3 Rb4 72.
Rg8+ Kf7 73. Rc8 Rb2+ 74. Kg1 Rb6 75. Rc4 g3 76. Rf3 Kg6 77. Re4 Kg5 78. Kg2
Rb2+ 79. Kg1 Rc2 80. Kf1 Rb2 81. Kg1 Rb6 82. Kg2 Rb2+ 83. Kg1 Rd2 84. Kf1 Rd1+
85. Kg2 Rc1 86. Ra4 Rc2+ 87. Kg1 Be7 88. Re3 Bc5 89. Kh1 g2+ 90. Kh2 g1=Q+ 0-1